000 00508nam a2200205Ia 4500
003 0100
008 130227s9999 xx 000 0 und d
040 _cARRUPELIB
050 _aDT4.B54 1992
100 _aBlyden, Edward W.
245 _aChristianity, Islam and the African race
260 _aCalifornia
260 _bFirst African Arabian Press
260 _C1992
300 _aviii
300 _b 513p. 23cm.
650 _bMetaphor--Therapeutic use
650 _cPsychotherapy
942 _2lcc
_01
999 _c3883
_d3883